00312 a2200109 4500020001800000082001200018100002600030245006700056260005200123300001000175500001700185 a9789694171128 a515.723 aKhattak,Mohammad Ali. aFourier Series and Integral Transforms.cMohammad Ali Khattak. aIslamabad.bHigher Education Commission.c2009. a196p. aPaper cover.